Biochemical Calculations : (Record no. 6921)
[ view plain ]
| 000 -LEADER | |
|---|---|
| fixed length control field | 00690nam a22002177a 4500 |
| 003 - CONTROL NUMBER IDENTIFIER | |
| control field | OSt |
| 005 - DATE AND TIME OF LATEST TRANSACTION | |
| control field | 20210510155307.0 |
| 008 - FIXED-LENGTH DATA ELEMENTS--GENERAL INFORMATION | |
| fixed length control field | 210510b ||||| |||| 00| 0 eng d |
| 020 ## - INTERNATIONAL STANDARD BOOK NUMBER | |
| International Standard Book Number | 9788126526437 |
| 040 ## - CATALOGING SOURCE | |
| Transcribing agency | DDC |
| 082 ## - DEWEY DECIMAL CLASSIFICATION NUMBER | |
| Classification number | 571.43 SEG 2004 |
| 100 ## - MAIN ENTRY--PERSONAL NAME | |
| Personal name | Segel, Irwin H. |
| 9 (RLIN) | 14197 |
| 245 ## - TITLE STATEMENT | |
| Title | Biochemical Calculations : |
| Remainder of title | How to solve Mathematical Problems in General Biochemistry |
| 250 ## - EDITION STATEMENT | |
| Edition statement | Second edition |
| 260 ## - PUBLICATION, DISTRIBUTION, ETC. (IMPRINT) | |
| Place of publication, distribution, etc. | New York : |
| Name of publisher, distributor, etc. | Wiley, |
| Date of publication, distribution, etc. | ©2004 |
| 300 ## - PHYSICAL DESCRIPTION | |
| Extent | xiii, 441 pages : |
| Other physical details | illustrations ; |
| Dimensions | 26 cm |
| 504 ## - BIBLIOGRAPHY, ETC. NOTE | |
| Bibliography, etc | Includes index. |
| 650 ## - SUBJECT ADDED ENTRY--TOPICAL TERM | |
| Topical term or geographic name as entry element | Biochemistry -- Mathematics |
| 9 (RLIN) | 14198 |
| 650 ## - SUBJECT ADDED ENTRY--TOPICAL TERM | |
| Topical term or geographic name as entry element | Biochemistry -- Problems, exercises, etc. |
| 9 (RLIN) | 14199 |
| 942 ## - ADDED ENTRY ELEMENTS (KOHA) | |
| Source of classification or shelving scheme | Dewey Decimal Classification |
| Koha item type | Book |
| Withdrawn status | Lost status | Source of classification or shelving scheme | Damaged status | Not for loan | Home library | Current library | Date acquired | Source of acquisition | Inventory number | Total Checkouts | Full call number | Barcode | Date last seen | Price effective from | Koha item type | Public note |
|---|---|---|---|---|---|---|---|---|---|---|---|---|---|---|---|---|
| Dewey Decimal Classification | MUST Main Library | MUST Main Library | 10/05/2021 | Purchase | 21/41417 | 571.43 SEG 2004 | 2021-0503 | 10/05/2021 | 10/05/2021 | Book | Material in Hard copy |
